• 首页
  • 本馆介绍
  • 公告通知
  • 最新文献
  • 馆藏检索
  • 电子资源
  • 读者导购
  • 参考咨询
  • 我的图书馆
  • 登录
  • 详细信息显示
  • 放入我的书架
  • 预约/预借图书
  • 作者相关作品
  • 分类相关作品
  • 丛书相关作品
  • 出版社相关作品

书目信息

  • 表格格式
  • 工作单格式
  • 卡片格式
题名:
中国农区草业与食物安全研究
    
 
作者: 南志标 主编
分册:  
出版信息: 北京   科学出版社  2017.03
页数: 273页
开本: 26cm
丛书名:
单 册:
中图分类: S812.8 , TS201.6 , R155.5
科图分类:
主题词: 草原资源--研究--中国 , 食品安全--研究--中国
电子资源:
ISBN: 978-7-03-051670-1
000 01240nam0 2200289 450
001 5681
005 20181020135649.59
010    @a978-7-03-051670-1@b精装@dCNY120.00
100    @a20170524d2017 em y0chiy50 ea
101 0  @achi
102    @aCN@b110000
105    @aa az 001yy
200 1  @a中国农区草业与食物安全研究@9zhong guo nong qu cao ye yu shi wu an quan yan jiu@f南志标主编
210    @a北京@c科学出版社@d2017.03
215    @a273页@c图@d26cm
300    @a中国草地生态保障与食物安全战略研究丛书 第五卷/旭日干,任继周,南志标主编
300    @a“十三五”国家重点出版物出版规划项目 中国工程院重大咨询项目
320    @a有书目和索引(第271-273页)
330    @a本书主要涵盖几方面的内容:农区草业与食物安全的理论分析;农区草业与食物安全的资源与模式;农区草业与生态保障;种植业与养殖业的系统耦合;典型案例分析。最后从国家战略层面,阐述了我国农区草业现状与趋势,农区草业发展的目标、原则和指导思想,总结归纳了不同类型区域草业的发展布局,最后提出我国农区草业未来发展的重大工程与政策建议。
606 0  @a草原资源@x研究@y中国
606 0  @a食品安全@x研究@y中国
690    @aS812.8@v5
690    @aTS201.6@v5
690    @aR155.5@v5
701  0 @a南志标@9nan zhi biao@4主编
801  0 @aCN@b91MARC@c20170524
905    @aMuseLib@dS812.8@e193
    
    中国农区草业与食物安全研究/南志标主编.-北京:科学出版社,2017.03
    273页:图;26cm
    中国草地生态保障与食物安全战略研究丛书 第五卷/旭日干,任继周,南志标主编.-“十三五”国家重点出版物出版规划项目 中国工程院重大咨询项目
    
    ISBN 978-7-03-051670-1(精装):CNY120.00
    本书主要涵盖几方面的内容:农区草业与食物安全的理论分析;农区草业与食物安全的资源与模式;农区草业与生态保障;种植业与养殖业的系统耦合;典型案例分析。最后从国家战略层面,阐述了我国农区草业现状与趋势,农区草业发展的目标、原则和指导思想,总结归纳了不同类型区域草业的发展布局,最后提出我国农区草业未来发展的重大工程与政策建议。
●
相关链接 在E读中查询图书 在五车中查询图书 在当当中查询图书 在豆瓣中查询图书


正题名:中国农区草业与食物安全研究     索取号:S812.8/193         预约/预借

序号 登录号 条形码 馆藏地/架位号 状态 备注
1 1130804   211308048   第二样本阅览室/ [索取号:S812.8/193] 在馆    
2 1130805   211308057   第三借阅区/ [索取号:S812.8/193] 在馆    
3 1130806   211308066   密集书库-生命科学系/ [索取号:S812.8/193] 在馆    
唐山师范学院图书馆 欢迎您!
大连网信软件有限公司© 版权所有